000 00964cam a22002891 4500
001 10673
003 BD-RjUL
005 20211208235009.0
008 140125s1952 ilua b 001 0 eng
035 _a(BD-RjUL)10721
040 _aDLC/ICU
_cICU
_dDLC
_dBD-RjUL
_beng
041 _aeng
082 0 0 _a523.4
_bATM 1952
245 1 4 _aThe atmospheres of the earth and planets. /
_cedited by Gerard P. Kuiper
250 _aRev. ed.
260 _aChicago :
_bUniversity of Chicago Press ,
_cc1952
300 _aviii, 434 p. :
_billus. ;
_c24 cm.
500 _aPapers originally presented at the Symposium on Planetary Atmospheres, University of Chicago, on Sept. 8-10, 1947.
504 _aIncludes bibliographies and index.
650 0 _aPlanets
_xAtmospheres.
_933004
650 0 _aAtmosphere.
_932803
700 _aKuiper, Gerard P.
_933005
710 2 _aUniversity of Chicago.
_933006
942 _2ddc
_cBK
999 _c10673
_d10673